Kashaaf estlahaat e qanoon (Islami) (Record no. 7318)

000 -LEADER
fixed length control field 00419 a2200145 4500
082 ## - DEWEY DECIMAL CLASSIFICATION NUMBER
Classification number 340.297
090 ## - LOCALLY ASSIGNED LC-TYPE CALL NUMBER (OCLC); LOCAL CALL NUMBER (RLIN)
-- 3407
-- 3407
100 ## - MAIN ENTRY--PERSONAL NAME
Personal name Siddiqui, Sajid-ur-Rehman.
245 ## - TITLE STATEMENT
Title Kashaaf estlahaat e qanoon (Islami)
Statement of responsibility, etc. Sajid-ur-Rehman Siddiqui
260 ## - PUBLICATION, DISTRIBUTION, ETC.
Place of publication, distribution, etc. Islamabad:
Name of publisher, distributor, etc. Muqtadara Qumi Zuban,
Date of publication, distribution, etc. 1991.
300 ## - PHYSICAL DESCRIPTION
Extent V.1, 332 p. ;
Dimensions 24 cm.
500 ## - GENERAL NOTE
General note Includes Index
650 ## - SUBJECT ADDED ENTRY--TOPICAL TERM
Topical term or geographic name entry element Law--Dictionaries
942 ## - ADDED ENTRY ELEMENTS (KOHA)
Koha item type Book
Call number prefix 340.297 SID
Holdings
Withdrawn status Lost status Damaged status Not for loan Collection code Permanent Location Current Location Shelving location Date acquired Source of acquisition Cost, normal purchase price Full call number Barcode Date last seen Price effective from Koha item type
          NUST Law School (NLS) NUST Law School (NLS) General Stacks 08/23/2002 National Language Authority 72.00 340.297 SID SEECS002281 11/14/2012 01/05/2017 Book
© 2023 Central Library, National University of Sciences and Technology. All Rights Reserved.